Les villes les plus peuplées d'Eure - Statistiques

Statistiques générales
  • Ce quiz a été pris 195 fois
  • Le résultat moyen est 10 sur 20
Statistiques - réponses
Population Ville % Correct
51 159 Évreux
99%
24 063 Vernon
87%
11 022 Bernay
77%
18 328 Louviers
68%
13 250 Val-de-Reuil
68%
9 044 Les Andelys
61%
8 979 Pont-Audemer
60%
10 884 Gisors
55%
6 860 Gaillon
54%
4 751 Pacy-sur-Eure
48%
6 617 Verneuil-sur-Avre
40%
4 449 Brionne
38%
3 834 Le Neubourg
35%
3 507 Pont-de-l'Arche
34%
4 283 Conches-en-Ouche
33%
4 984 Saint-Marcel
29%
3 596 Gravigny
25%
3 542 Étrépagny
21%
3 817 Aubevoye
18%
3 814 Saint-Sébastien-de-Morsent
13%
Aucun quiz correspondant
Distribution des résultats
% des personnes avec chaque résultat
Percentile par nombre de réponses
Votre historique - résultats
Vous n’avez pas pris ce quiz